Txt Songs by the English Lyrics - Statistics

General Stats
  • This quiz has been taken 1,083 times
  • The average score is 6 of 11
Answer Stats
Hint Answer % Correct
"La-la-la-la-la-la, love all my days" Happily Ever After
80%
"Down to earth like a meteorite" Chasing that Feeling
73%
"Come a little closer" Sugar Rush Ride
70%
"But I think that you like that" Do It Like That
68%
"I don't know who loves me" Anti-Romantic
61%
"I just killed me with all that pain" Good Boy Gone Bad
61%
"Can you feel the rush? Can you feel the rush?" Blue Hour
54%
"Say my name" Deja Vu
54%
"It doesn't matter when I'm with you" LO$ER=LOVER
52%
"Like oh my God, so holy" OX1=LOVESONG
48%
"Got no one but you" Crown
27%
No matching quizzes found
Score Distribution
Percent of People with Each Score
Percentile by Number Answered
Your Score History
You have not taken this quiz